Entry Nombre personal
001 - NÚMERO DE CONTROL
- campo de control: 8411
003 - IDENTIFICADOR DEL NÚMERO DE CONTROL
- campo de control: BNPHU
005 - FECHA Y HORA DE LA ÚLTIMA TRANSACCIÓN
- campo de control: 20240313135919.0
008 - DATOS DE LONGITUD FIJA
- campo de control de longitud fija: 200615|| aca||aabn | a|a d
010 ## - NÚMERO DE CONTROL DE LA BIBLIOTECA DEL CONGRESO
- Número de control de LC: n 82134174
040 ## - FUENTE DE LA CATALOGACIÓN
- Centro catalogador/agencia de origen: DO-SdBNP
- Lengua de catalogación: spa
- Centro/agencia transcriptor: BNPHU
- Normas de descripción: rda
100 1# - ENCABEZAMIENTO-NOMBRE DE PERSONA
- Nombre de persona: Mejía-Ricart G., Marcio,
- Fechas asociadas al nombre: 1933-
- Forma completa/desarrollada del nombre: (Mejía-Ricart Guzmán), |
400 1# - TRAZADO DE VÉASE--NOMBRE DE PERSONA
- Nombre de persona: Mejía-Ricart G., Marcio Antonio
400 1# - TRAZADO DE VÉASE--NOMBRE DE PERSONA
- Nombre de persona: Mejía Ricart, Marcio Antonio,
- Fechas asociadas al nombre: 1933-
400 1# - TRAZADO DE VÉASE--NOMBRE DE PERSONA
- Nombre de persona: Ricart G., Marcio Mejía,
- Fechas asociadas al nombre: 1933-
- Forma completa/desarrollada del nombre: (Ricart Guzmán),
400 1# - TRAZADO DE VÉASE--NOMBRE DE PERSONA
- Nombre de persona: Mejía-Ricart G., Marcio Antonio,
- Fechas asociadas al nombre: 1933-
- Forma completa/desarrollada del nombre: (Mejía-Ricart Guzmán),
670 ## - FUENTE DE DATOS ENCONTRADOS
- Cita de la fuente: Work cat.: (OSt)2501: Mejía-Ricart Guzmán, Marcio, 1933-, Teoría política y económica "a la dominicana" /, 1982.
670 ## - FUENTE DE DATOS ENCONTRADOS
- Cita de la fuente: Principios fundamentales de economía política ... 1954.
670 ## - FUENTE DE DATOS ENCONTRADOS
- Cita de la fuente: Objetivos fundamentales del gobierno, 1982-1986, c1981
